[Event "Titled Tuesday intern op 09th Jan Early"]
[Site "Chess.com INT"]
[Date "2024.01.09"]
[Round "3"]
[White "Acosta Cruz, Oscar Yosimar"]
[Black "Astafurov, Arseniy"]
[Result "0-1"]
[WhiteElo "2098"]
[BlackElo "2263"]
[PlyCount "80"]
[EventDate "2024.01.09"]
[EventType "swiss (blitz)"]
[EventRounds "11"]
[EventCountry "USA"]
[SourceTitle "CB03_2024"]
[SourceDate "2024.01.17"]
[SourceVersion "1"]
[SourceVersionDate "2024.01.17"]
[SourceQuality "1"]

1. e4 e6 2. d4 d5 3. Bd3 dxe4 4. Bxe4 Nf6 5. Bf3 c5 6. Ne2 Nc6 7. Be3 cxd4 8. Nxd4 Ne5 9. Be2 a6 10. 0-0 Bd6 11. c4 Qc7 12. Nd2 0-0 13. Rc1 Ng6 14. N2f3 e5 15. Nb3 e4 16. c5 exf3 17. cxd6 fxe2 18. dxc7 exd1Q 19. Rfxd1 Be6 20. Nc5 Bd5 21. Bd4 Bc6 22. Bxf6 gxf6 23. g3 Kg7 24. Nd7 Bxd7 25. Rxd7 Rac8 26. f4 Rfe8 27. Kf2 Nf8 28. Rd6 Re7 29. Kf3 Rexc7 30. Rcd1 Ne6 31. h4 Rc6 32. Rd7 R8c7 33. R7d3 f5 34. Rd5 Kf6 35. a4 Rb6 36. R1d2 Rb3+ 37. Kg2 Rc4 38. a5 Ra4 39. Rd7 Ra2 40. R2d6 Rbxb2+ 0-1

[Event "Titled Tuesday intern op 09th Jan Early"]
[Site "Chess.com INT"]
[Date "2024.01.09"]
[Round "1"]
[White "Acosta Cruz, Oscar Yosimar"]
[Black "Silva, Kaua Marques"]
[Result "1-0"]
[WhiteElo "2098"]
[BlackElo "2142"]
[PlyCount "37"]
[EventDate "2024.01.09"]
[EventType "swiss (blitz)"]
[EventRounds "11"]
[EventCountry "USA"]
[SourceTitle "CB03_2024"]
[SourceDate "2024.01.17"]
[SourceVersion "1"]
[SourceVersionDate "2024.01.17"]
[SourceQuality "1"]

1. e4 e6 2. d4 d5 3. Bd3 dxe4 4. Bxe4 Nf6 5. Bf3 c5 6. Ne2 Nc6 7. Be3 cxd4 8. Nxd4 Nxd4 9. Qxd4 Qxd4 10. Bxd4 Nd7 11. Nc3 e5 12. Be3 Bb4 13. 0-0 0-0 14. Nd5 Bd6 15. Rfd1 f5 16. Nb6 Nxb6 17. Rxd6 e4 18. Be2 Rf6 19. Rad1 1-0

[Event "Titled Tuesday intern op 19th Sep Early"]
[Site "Chess.com INT"]
[Date "2023.09.19"]
[Round "3"]
[White "Acosta Cruz, Oscar Yosimar"]
[Black "Berezin, Viktor1111"]
[Result "1-0"]
[WhiteElo "2098"]
[BlackElo "2307"]
[PlyCount "115"]
[EventDate "2023.09.19"]
[EventType "swiss (blitz)"]
[EventRounds "11"]
[EventCountry "USA"]
[SourceTitle "EXT 2024"]
[Source "ChessBase"]
[SourceDate "2023.10.10"]
[SourceVersion "1"]
[SourceVersionDate "2023.10.10"]
[SourceQuality "1"]

1. d4 Nf6 2. Bf4 g6 3. Nf3 Bg7 4. e3 0-0 5. h3 d6 6. Be2 b6 7. 0-0 Bb7 8. c3 Nbd7 9. a4 a6 10. Bh2 Ne4 11. Nbd2 c5 12. Nxe4 Bxe4 13. Nd2 Bb7 14. Re1 Rc8 15. Bf3 Qc7 16. Bxb7 Qxb7 17. Qe2 Rfd8 18. Nf3 e5 19. dxe5 Nxe5 20. Nxe5 dxe5 21. e4 c4 22. Red1 b5 23. axb5 axb5 24. Bg3 f6 25. f3 Bf8 26. Bf2 Ra8 27. Rxa8 Qxa8 28. Bb6 Rd6 29. Rxd6 Bxd6 30. Qd2 Qc6 31. Bf2 Kf7 32. Qh6 Kg8 33. Bh4 Bc5+ 34. Kh2 Qb6 35. Qd2 Kf8 36. Qd5 Bg1+ 37. Kh1 Bc5 38. Bxf6 b4 39. Bxe5 bxc3 40. Bxc3 Be7 41. Qxc4 Qf2 42. Qd4 Qf1+ 43. Qg1 Qa6 44. f4 Qd3 45. Qe1 Bc5 46. e5 Be3 47. Qg3 Qd1+ 48. Be1 Bd2 49. Qa3+ Kf7 50. e6+ Kxe6 51. Qa6+ Kf7 52. Qb7+ Kg8 53. Qc8+ Kg7 54. Qd7+ Kh6 55. Qxd2 Qb3 56. f5+ g5 57. Qd6+ Kh5 58. g4# 1-0

[Event "Titled Tuesday intern op 12th Sep Late"]
[Site "Chess.com INT"]
[Date "2023.09.12"]
[Round "9"]
[White "Acosta Cruz, Oscar Yosimar"]
[Black "Rottenwohrer Suarez, Juan"]
[Result "0-1"]
[WhiteElo "2098"]
[BlackElo "2281"]
[PlyCount "48"]
[EventDate "2023.09.12"]
[EventType "swiss (blitz)"]
[EventRounds "11"]
[EventCountry "USA"]
[SourceTitle "EXT 2024"]
[Source "ChessBase"]
[SourceDate "2023.10.10"]
[SourceVersion "1"]
[SourceVersionDate "2023.10.10"]
[SourceQuality "1"]

1. d4 d5 2. Bf4 c5 3. e3 cxd4 4. exd4 Nc6 5. Nf3 Bg4 6. c3 e6 7. Nbd2 Bd6 8. Bxd6 Qxd6 9. h3 Bh5 10. g4 Bg6 11. Qb3 Rb8 12. Bb5 Nge7 13. 0-0 h5 14. g5 h4 15. Rfe1 Qf4 16. Re3 0-0 17. Qd1 Nf5 18. Re1 Bh5 19. Be2 b5 20. Nf1 Bxf3 21. Bxf3 Qxg5+ 22. Kh2 Qf4+ 23. Kh1 b4 24. Bg2 bxc3 0-1

[Event "Titled Tuesday intern op 12th Sep Late"]
[Site "Chess.com INT"]
[Date "2023.09.12"]
[Round "4"]
[White "Acosta Cruz, Oscar Yosimar"]
[Black "Zampronha, Wladimir Camilo"]
[Result "1-0"]
[WhiteElo "2098"]
[BlackElo "2170"]
[PlyCount "113"]
[EventDate "2023.09.12"]
[EventType "swiss (blitz)"]
[EventRounds "11"]
[EventCountry "USA"]
[SourceTitle "EXT 2024"]
[Source "ChessBase"]
[SourceDate "2023.10.10"]
[SourceVersion "1"]
[SourceVersionDate "2023.10.10"]
[SourceQuality "1"]

1. d4 Nf6 2. Bf4 e6 3. e3 c5 4. Nf3 d5 5. Nbd2 Nc6 6. c3 Bd6 7. Bg3 0-0 8. Bd3 Qe7 9. Ne5 Nd7 10. f4 f6 11. Bh4 Qe8 12. Nxc6 bxc6 13. Qf3 e5 14. fxe5 fxe5 15. Qe2 Rb8 16. 0-0-0 exd4 17. exd4 Qxe2 18. Bxe2 cxd4 19. cxd4 Nf6 20. Bf3 Bf5 21. Rhe1 Bf4 22. Bg3 Bxg3 23. hxg3 Rfe8 24. Nb3 Rxe1 25. Rxe1 Re8 26. Rxe8+ Nxe8 27. Na5 Bd7 28. Kd2 Kf8 29. Kc3 Ke7 30. Kb4 Kd6 31. Nb7+ Kc7 32. Nc5 Bc8 33. Ka5 Nd6 34. a4 Nc4+ 35. Kb4 Nxb2 36. Be2 Kb6 37. Kc3 Nc4 38. Bxc4 dxc4 39. Kxc4 Ka5 40. Kb3 Bf5 41. Nb7+ Kb6 42. Nd6 Bd3 43. Kb4 Bf1 44. Nf5 g6 45. Ne3 Be2 46. a5+ Kc7 47. Kc5 Kd7 48. g4 h6 49. g3 Bf3 50. Nc4 Bxg4 51. Ne5+ Ke6 52. Nxg4 h5 53. Ne3 g5 54. Kxc6 h4 55. d5+ Ke5 56. gxh4 Ke4 57. hxg5 1-0

[Event "Titled Tuesday intern op 05th Sep Late"]
[Site "Chess.com INT"]
[Date "2023.09.05"]
[Round "6"]
[White "Acosta Cruz, Oscar Yosimar"]
[Black "Hajiyev, Kanan"]
[Result "0-1"]
[WhiteElo "2098"]
[BlackElo "2113"]
[PlyCount "78"]
[EventDate "2023.09.05"]
[EventType "swiss (blitz)"]
[EventRounds "11"]
[EventCountry "USA"]
[SourceTitle "EXT 2024"]
[Source "ChessBase"]
[SourceDate "2023.10.10"]
[SourceVersion "1"]
[SourceVersionDate "2023.10.10"]
[SourceQuality "1"]

1. d4 Nf6 2. Bf4 c5 3. e3 cxd4 4. exd4 d5 5. Nf3 Nc6 6. c3 Bg4 7. Be2 e6 8. Nbd2 Bd6 9. Bg3 0-0 10. 0-0 Rb8 11. a4 a6 12. Ne5 Bf5 13. b4 Qc7 14. f4 a5 15. Rc1 axb4 16. cxb4 Qb6 17. b5 Nxd4 18. Bf2 Nxe2+ 19. Qxe2 Qa5 20. Ra1 Rfc8 21. g4 Bxe5 22. gxf5 Bxf4 23. Nb3 Qc7 24. fxe6 Bxh2+ 25. Kh1 Re8 26. Bd4 Bd6 27. Rxf6 fxe6 28. Rxe6 Qd7 29. Re1 Rf8 30. Rxd6 Qxd6 31. Qe6+ Qxe6 32. Rxe6 Rf3 33. Nc5 b6 34. Na6 Rc8 35. Re7 Rg3 36. Kh2 Rg4 37. Bxb6 Rc2+ 38. Kh3 Rg6 39. Bd4 h5 0-1

[Event "Titled Tuesday intern op 05th Sep Late"]
[Site "Chess.com INT"]
[Date "2023.09.05"]
[Round "11"]
[White "Bazzano, Sebastian"]
[Black "Acosta Cruz, Oscar Yosimar"]
[Result "1-0"]
[WhiteElo "2288"]
[BlackElo "2098"]
[PlyCount "151"]
[EventDate "2023.09.05"]
[EventType "swiss (blitz)"]
[EventRounds "11"]
[EventCountry "USA"]
[SourceTitle "EXT 2024"]
[Source "ChessBase"]
[SourceDate "2023.10.10"]
[SourceVersion "1"]
[SourceVersionDate "2023.10.10"]
[SourceQuality "1"]

1. d4 d5 2. Bf4 Nf6 3. e3 c5 4. c3 Nc6 5. Nd2 Qb6 6. Qb3 c4 7. Qc2 Bg4 8. Be2 Bxe2 9. Nxe2 e6 10. 0-0 Qd8 11. b3 cxb3 12. axb3 Bd6 13. Bxd6 Qxd6 14. e4 dxe4 15. Nxe4 Nxe4 16. Qxe4 0-0 17. Rfd1 Rfd8 18. Rd3 Qc7 19. Rh3 g6 20. Qe3 Rd5 21. Qh6 f6 22. Nf4 Rd6 23. Nxg6 Qg7 24. Qxg7+ Kxg7 25. Nf4 e5 26. dxe5 fxe5 27. Rg3+ Kf7 28. Nh3 Rad8 29. Rf1 h6 30. f4 e4 31. Re3 Re8 32. f5 Rd3 33. Rfe1 Rxe3 34. Rxe3 Kf6 35. g4 Ne5 36. Nf2 Nf3+ 37. Kg2 Kg5 38. Nxe4+ Kf4 39. Rxf3+ Kxe4 40. h4 Rd8 41. Kg3 Rd1 42. Rf2 Rg1+ 43. Kh2 Rxg4 44. f6 Rg8 45. Kh3 h5 46. f7 Rf8 47. Kg3 Ke5 48. Rf3 b5 49. c4 bxc4 50. bxc4 a5 51. Ra3 Rxf7 52. Rxa5+ Ke4 53. Rxh5 Rg7+ 54. Rg5 Rc7 55. c5 Ra7 56. Kg4 Rh7 57. h5 Rf7 58. Rg6 Kd5 59. c6 Rf1 60. Kg5 Rg1+ 61. Kh6 Rh1 62. Rf6 Ke5 63. Rg6 Kf5 64. c7 Rc1 65. Rg7 Kf6 66. Kh7 Rc2 67. h6 Rc3 68. Rd7 Ke6 69. Rg7 Kf6 70. Kg8 Rc1 71. h7 Rc2 72. h8Q Ke6 73. Qh6+ Kd5 74. Qg5+ Kc6 75. c8Q+ Kb6 76. Qg1+ 1-0

[Event "Titled Tuesday intern op 22nd Aug Early"]
[Site "Chess.com INT"]
[Date "2023.08.22"]
[Round "7"]
[White "Povshednyi, Ivan"]
[Black "Acosta Cruz, Oscar Yosimar"]
[Result "0-1"]
[WhiteElo "2223"]
[BlackElo "2098"]
[PlyCount "122"]
[EventDate "2023.08.22"]
[EventType "swiss (blitz)"]
[EventRounds "11"]
[EventCountry "USA"]
[SourceTitle "EXT 2024"]
[Source "ChessBase"]
[SourceDate "2023.10.10"]
[SourceVersion "1"]
[SourceVersionDate "2023.10.10"]
[SourceQuality "1"]

1. d4 d5 2. Nf3 Nf6 3. c4 c6 4. Nc3 e6 5. g3 dxc4 6. Bg2 b5 7. Ne5 Nd5 8. 0-0 f6 9. Nf3 Be7 10. e4 Nc7 11. a4 b4 12. Nb1 c5 13. e5 Bb7 14. Nbd2 c3 15. bxc3 bxc3 16. Nb1 fxe5 17. Nxe5 Bxg2 18. Qh5+ g6 19. Nxg6 Bf3 20. Qxf3 hxg6 21. Nxc3 cxd4 22. Nb5 Nba6 23. Bf4 Qd5 24. Qd3 e5 25. Qxg6+ Kd8 26. Bg5 Ne6 27. Bxe7+ Kxe7 28. Rae1 Nac5 29. Qc2 Rxh2 30. f4 Rxc2 31. Rxe5 Qxe5 32. fxe5 Rh8 33. g4 Ra2 34. Rf6 Rxa4 35. Kg2 Rb4 36. Kg3 Rxb5 37. g5 Ne4+ 38. Kg4 N4xg5 39. Kf5 Rxe5+ 40. Kxe5 Nf7+ 41. Kd5 Kxf6 42. Ke4 Rh5 43. Kf3 Rh4 44. Ke2 a5 45. Kd3 a4 46. Kc4 a3 47. Kb3 a2 48. Kxa2 d3 49. Kb3 d2 50. Kc2 Re4 51. Kd1 Ke5 52. Kxd2 Nc5 53. Kc3 Nd6 54. Kc2 Re3 55. Kd2 Kd4 56. Kc2 Re2+ 57. Kb1 Rh2 58. Kc1 Kc3 59. Kb1 Nc4 60. Ka1 Kb3 61. Kb1 Rh1# 0-1

[Event "Titled Tuesday intern op 31st Jan Late"]
[Site "Chess.com INT"]
[Date "2023.01.31"]
[Round "3"]
[White "Gurevich, Dmitry"]
[Black "Acosta Cruz, Oscar Yosimar"]
[Result "1-0"]
[WhiteElo "2393"]
[BlackElo "2098"]
[PlyCount "113"]
[EventDate "2023.01.31"]
[EventType "swiss (blitz)"]
[EventRounds "11"]
[EventCountry "USA"]
[SourceTitle "CBM 212 Extra"]
[Source "ChessBase"]
[SourceDate "2023.03.31"]
[SourceVersion "1"]
[SourceVersionDate "2023.03.31"]
[SourceQuality "1"]

1. d4 Nf6 2. c4 c6 3. Bf4 d5 4. e3 a6 5. Nc3 e6 6. Nf3 Bd6 7. Bg3 b5 8. c5 Be7 9. h3 Nbd7 10. Bd3 0-0 11. 0-0 Re8 12. a4 b4 13. Ne2 a5 14. Nf4 Bf8 15. Be2 Ne4 16. Bh2 g6 17. Nd3 Bg7 18. Qc2 f6 19. Rfd1 Ba6 20. Nf4 Bxe2 21. Nxe2 e5 22. Ng3 Nxg3 23. Bxg3 e4 24. Nd2 f5 25. Bd6 Bf8 26. Bh2 Bh6 27. Rf1 Nf8 28. Rae1 Ne6 29. f3 Rf8 30. Bd6 Rf7 31. fxe4 fxe4 32. Rxf7 Kxf7 33. Nf1 Kg8 34. Qe2 Bf8 35. Qg4 Qd7 36. Bh2 Bg7 37. Ng3 Rf8 38. Rf1 Rxf1+ 39. Nxf1 Qf7 40. Qg3 Qd7 41. Qb8+ Kf7 42. Qa8 Nxd4 43. exd4 Bxd4+ 44. Kh1 Bxb2 45. Qxa5 Bc3 46. Qb6 d4 47. a5 d3 48. a6 d2 49. Nxd2 Bxd2 50. Qb7 Ke6 51. Qxd7+ Kxd7 52. a7 e3 53. a8Q e2 54. Qb7+ Ke6 55. Qxc6+ Kf7 56. Qd5+ Kg7 57. Qxd2 1-0

[Event "Titled Tuesday intern op 24th Jan Late"]
[Site "Chess.com INT"]
[Date "2023.01.24"]
[Round "2"]
[White "Acosta Cruz, Oscar Yosimar"]
[Black "Dinu, Dumitru Daniel"]
[Result "0-1"]
[WhiteElo "2098"]
[BlackElo "2203"]
[PlyCount "84"]
[EventDate "2023.01.24"]
[EventType "swiss (blitz)"]
[EventRounds "11"]
[EventCountry "USA"]
[SourceTitle "EXT 2024"]
[Source "ChessBase"]
[SourceDate "2023.10.10"]
[SourceVersion "1"]
[SourceVersionDate "2023.10.10"]
[SourceQuality "1"]

1. e4 c5 2. Nf3 e6 3. d3 Nc6 4. Nbd2 g6 5. g3 Bg7 6. Bg2 Nge7 7. 0-0 0-0 8. Re1 d5 9. c3 b6 10. e5 Ba6 11. d4 cxd4 12. cxd4 Rc8 13. Qa4 Bb7 14. g4 a6 15. a3 b5 16. Qd1 Na5 17. b4 Nc4 18. Nb3 a5 19. Nc5 Ba8 20. Bg5 h6 21. Bf4 axb4 22. axb4 Nc6 23. Qb3 Re8 24. h3 Bf8 25. Ra2 Kh7 26. Rea1 Bxc5 27. bxc5 b4 28. Nd2 Nxd2 29. Bxd2 Nxd4 30. Qxb4 Nc6 31. Qf4 Qe7 32. Qxh6+ Kg8 33. Bg5 Qf8 34. Qh4 Qg7 35. Bf6 Qh7 36. Qg3 Nd4 37. Qc3 Nc6 38. Bf1 d4 39. Qc1 Nb4 40. Ra7 Nd5 41. Bg2 Bc6 42. Qd2 Nc3 0-1

[Event "Titled Tuesday intern op 24th Jan Late"]
[Site "Chess.com INT"]
[Date "2023.01.24"]
[Round "7"]
[White "Mazurkiewicz, Michal"]
[Black "Acosta Cruz, Oscar Yosimar"]
[Result "1-0"]
[WhiteElo "2163"]
[BlackElo "2098"]
[PlyCount "29"]
[EventDate "2023.01.24"]
[EventType "swiss (blitz)"]
[EventRounds "11"]
[EventCountry "USA"]
[SourceTitle "EXT 2024"]
[Source "ChessBase"]
[SourceDate "2023.10.10"]
[SourceVersion "1"]
[SourceVersionDate "2023.10.10"]
[SourceQuality "1"]

1. e4 e5 2. Nf3 Nf6 3. d3 Nc6 4. g3 Bc5 5. Bg2 a5 6. 0-0 d6 7. a4 h5 8. Nc3 Ng4 9. h3 h4 10. Nxh4 Rxh4 11. gxh4 Nh6 12. Bg5 Qd7 13. Nd5 Nd4 14. Bxh6 gxh6 15. Nf6+ 1-0

[Event "Titled Tuesday intern op 24th Jan Late"]
[Site "Chess.com INT"]
[Date "2023.01.24"]
[Round "1"]
[White "Taichman, Ori"]
[Black "Acosta Cruz, Oscar Yosimar"]
[Result "1-0"]
[WhiteElo "2317"]
[BlackElo "2098"]
[PlyCount "109"]
[EventDate "2023.01.24"]
[EventType "swiss (blitz)"]
[EventRounds "11"]
[EventCountry "USA"]
[SourceTitle "EXT 2024"]
[Source "ChessBase"]
[SourceDate "2023.10.10"]
[SourceVersion "1"]
[SourceVersionDate "2023.10.10"]
[SourceQuality "1"]

1. e4 e5 2. d4 d6 3. dxe5 dxe5 4. Qxd8+ Kxd8 5. Nf3 f6 6. Bc4 Bc5 7. Nbd2 Ke7 8. Nb3 Bb6 9. a4 a5 10. Nfd2 Nc6 11. Bd5 Nb4 12. Kd1 Bxf2 13. Nc4 Bg4+ 14. Kd2 Rd8 15. Ncxa5 c6 16. Kc3 Na6 17. Bc4 Nc5 18. Nxc5 Bxc5 19. Nxb7 Bd4+ 20. Kd3 Rd7 21. c3 Bc5+ 22. Bd5 Rxb7 23. Bxc6 Rc7 24. Bd5 Nh6 25. b4 Bd6 26. a5 Rd8 27. Bd2 f5 28. Ke3 fxe4 29. Bxe4 Nf5+ 30. Bxf5 Bxf5 31. g4 Bg6 32. Be1 e4 33. Bh4+ Ke8 34. Bxd8 Kxd8 35. Rhc1 Be7 36. Ke2 h5 37. h3 hxg4 38. hxg4 Kc8 39. a6 Kb8 40. Ra5 Ka7 41. b5 Kb6 42. Ra2 Kxb5 43. a7 Bf7 44. a8Q Bc4+ 45. Kf2 Bc5+ 46. Kg2 Bxa2 47. Qxa2 e3 48. Qb3+ Kc6 49. Qe6+ Bd6 50. Qxe3 Re7 51. Qf3+ Kc7 52. c4 g5 53. c5 Bf4 54. Rb1 Re3 55. Rb7+ 1-0

[Event "Titled Tuesday intern op 20th Dec Late"]
[Site "Chess.com INT"]
[Date "2022.12.20"]
[Round "2"]
[White "Acosta Cruz, Oscar Yosimar"]
[Black "Herman, Daniel"]
[Result "0-1"]
[WhiteElo "2098"]
[BlackElo "1957"]
[PlyCount "48"]
[EventDate "2022.12.20"]
[EventType "swiss (blitz)"]
[EventRounds "11"]
[EventCountry "USA"]
[SourceTitle "EXT 2024"]
[Source "ChessBase"]
[SourceDate "2023.10.10"]
[SourceVersion "1"]
[SourceVersionDate "2023.10.10"]
[SourceQuality "1"]

1. e4 g6 2. d4 Bg7 3. Nc3 d6 4. f4 Nf6 5. Nf3 c5 6. e5 Nfd7 7. e6 fxe6 8. Ng5 Nf6 9. dxc5 h6 10. Bb5+ Nc6 11. Bxc6+ bxc6 12. Nge4 d5 13. Nf2 0-0 14. 0-0 Rb8 15. Re1 Qa5 16. Nd3 Ba6 17. Ne5 Qxc5+ 18. Be3 Qd6 19. Nxg6 Rfc8 20. Bd4 Rxb2 21. Na4 Rb4 22. Nc5 Rxd4 23. Qxd4 Ne4 24. Qa4 Nxc5 0-1

[Event "Titled Tuesday intern op 20th Dec Late"]
[Site "Chess.com INT"]
[Date "2022.12.20"]
[Round "3"]
[White "Alimpic, Aleksa"]
[Black "Acosta Cruz, Oscar Yosimar"]
[Result "0-1"]
[WhiteElo "2243"]
[BlackElo "2098"]
[PlyCount "90"]
[EventDate "2022.12.20"]
[EventType "swiss (blitz)"]
[EventRounds "11"]
[EventCountry "USA"]
[SourceTitle "EXT 2024"]
[Source "ChessBase"]
[SourceDate "2023.10.10"]
[SourceVersion "1"]
[SourceVersionDate "2023.10.10"]
[SourceQuality "1"]

1. Nf3 g6 2. g3 Bg7 3. Bg2 Nf6 4. 0-0 0-0 5. c4 d6 6. b3 Re8 7. d4 Nbd7 8. Bb2 e5 9. dxe5 Ng4 10. Nc3 Ngxe5 11. Nxe5 Nxe5 12. Qd2 Rb8 13. Rfd1 Be6 14. Rac1 a6 15. Nd5 Bxd5 16. cxd5 Qd7 17. Rc2 h5 18. Rdc1 Rbc8 19. Qa5 Re7 20. Qb4 Qb5 21. Ba3 Bh6 22. e3 Qxb4 23. Bxb4 Nd3 24. Bxd6 Rd7 25. Ba3 Nxc1 26. Rxc1 Bf8 27. Bb2 Bd6 28. e4 Re8 29. f3 Be5 30. Ba3 g5 31. Bh3 Rdd8 32. Bf5 Kg7 33. Kg2 c6 34. Rd1 cxd5 35. exd5 Bd6 36. Bb2+ Be5 37. Ba3 Bd6 38. Bb2+ Kh6 39. Rd2 Re1 40. Bf6 Rde8 41. h4 gxh4 42. gxh4 Bf4 43. Rc2 R1e2+ 44. Rxe2 Rxe2+ 45. Kh3 Rh2# 0-1

[Event "Titled Tuesday intern op 22nd Nov Late"]
[Site "Chess.com INT"]
[Date "2022.11.22"]
[Round "2"]
[White "Klenburg, Mikhail"]
[Black "Acosta Cruz, Oscar Yosimar"]
[Result "1-0"]
[WhiteElo "2347"]
[BlackElo "2098"]
[PlyCount "67"]
[EventDate "2022.11.22"]
[EventType "swiss (blitz)"]
[EventRounds "11"]
[EventCountry "USA"]
[SourceTitle "CBM 211 Extra"]
[Source "ChessBase"]
[SourceDate "2023.01.31"]
[SourceVersion "1"]
[SourceVersionDate "2023.01.31"]
[SourceQuality "1"]

1. e4 c5 2. d3 d6 3. g3 g6 4. Bg2 Bg7 5. f4 e6 6. Nf3 Ne7 7. 0-0 0-0 8. c3 Nbc6 9. Be3 b6 10. Bf2 Rb8 11. Re1 Bb7 12. a4 d5 13. e5 a6 14. Nbd2 b5 15. Bxc5 Re8 16. axb5 axb5 17. b4 Ra8 18. Nb3 Qd7 19. Bf2 h5 20. h3 Qc7 21. Nc5 Nc8 22. g4 hxg4 23. hxg4 Nb6 24. Qd2 Bf8 25. Nxb7 Qxb7 26. Rxa8 Rxa8 27. f5 Ra3 28. Qg5 exf5 29. gxf5 Ne7 30. Nd4 Rxc3 31. e6 Rxd3 32. exf7+ Kxf7 33. fxg6+ Nxg6 34. Qf5+ 1-0

[Event "Titled Tuesday intern op 22nd Nov Late"]
[Site "Chess.com INT"]
[Date "2022.11.22"]
[Round "3"]
[White "Silva, Caio Henrique Angel"]
[Black "Acosta Cruz, Oscar Yosimar"]
[Result "1-0"]
[WhiteElo "2090"]
[BlackElo "2098"]
[PlyCount "75"]
[EventDate "2022.11.22"]
[EventType "swiss (blitz)"]
[EventRounds "11"]
[EventCountry "USA"]
[SourceTitle "CBM 211 Extra"]
[Source "ChessBase"]
[SourceDate "2023.01.31"]
[SourceVersion "1"]
[SourceVersionDate "2023.01.31"]
[SourceQuality "1"]

1. Nf3 g6 2. g3 Bg7 3. Bg2 Nf6 4. 0-0 0-0 5. d4 d5 6. c4 c6 7. b3 h6 8. Bb2 Be6 9. Nbd2 Qd7 10. Ne5 Qc8 11. Rc1 Bh3 12. cxd5 Bxg2 13. Kxg2 Nxd5 14. e4 Nb6 15. Qe2 N8d7 16. Rfd1 Nxe5 17. dxe5 Qe6 18. f4 Rad8 19. Nf3 c5 20. Rxc5 Rxd1 21. Qxd1 Re8 22. Rc2 Bf8 23. Qd3 Qg4 24. h3 Qe6 25. f5 Qd7 26. Qxd7 Nxd7 27. Rc7 Rd8 28. Rxb7 a6 29. b4 e6 30. g4 gxf5 31. exf5 h5 32. a4 Kg7 33. b5 axb5 34. axb5 Nc5 35. Ra7 Rb8 36. Bd4 exf5 37. gxf5 Rxb5 38. e6+ 1-0

[Event "Titled Tuesday intern op 11th Oct Early"]
[Site "Chess.com INT"]
[Date "2022.10.11"]
[Round "4"]
[White "Melikhov, Evgeny V"]
[Black "Acosta Cruz, Oscar Yosimar"]
[Result "1/2-1/2"]
[WhiteElo "2269"]
[BlackElo "2098"]
[PlyCount "149"]
[EventDate "2022.10.11"]
[EventType "swiss (blitz)"]
[EventRounds "11"]
[EventCountry "USA"]
[SourceTitle "EXT 2024"]
[Source "ChessBase"]
[SourceDate "2023.10.10"]
[SourceVersion "1"]
[SourceVersionDate "2023.10.10"]
[SourceQuality "1"]

1. d4 d5 2. c4 c6 3. Nc3 Nf6 4. e3 a6 5. c5 Bf5 6. f4 Nbd7 7. Nf3 e6 8. Be2 Be7 9. 0-0 0-0 10. Bd2 b6 11. cxb6 Qxb6 12. Na4 Qa7 13. Rc1 c5 14. dxc5 Nxc5 15. Nd4 Nxa4 16. Qxa4 Ne4 17. Nc6 Qd7 18. Nxe7+ Qxe7 19. Bb4 Qa7 20. Bxf8 Qxe3+ 21. Kh1 Nf2+ 22. Rxf2 Qxf2 23. Bxa6 Be4 24. Rg1 Kxf8 25. Qc6 Qa7 26. Bb7 Rb8 27. Qd6+ Kg8 28. Bc6 h5 29. b4 h4 30. h3 Kh7 31. a4 Qe3 32. f5 Qxh3+ 33. Qh2 Qxh2+ 34. Kxh2 Rxb4 35. fxe6 fxe6 36. Kh3 Bd3 37. g3 hxg3 38. Kxg3 e5 39. Rh1+ Kg6 40. Bxd5 Rxa4 41. Kf2 e4 42. Ke3 Ra5 43. Rg1+ Kf6 44. Bxe4 Bxe4 45. Kxe4 Re5+ 46. Kf4 Rf5+ 47. Ke3 g5 48. Rg2 Rf4 49. Rf2 Kf5 50. Rxf4+ gxf4+ 51. Kf3 Kg5 52. Kf2 Kh4 53. Kf3 Kg5 54. Kf2 Kg4 55. Kg2 Kf5 56. Kf3 Ke5 57. Kf2 Kd5 58. Kf3 Ke5 59. Kf2 Ke4 60. Ke2 f3+ 61. Kf2 Kf4 62. Kf1 Kg3 63. Kg1 Kg4 64. Kf2 Kf4 65. Kf1 Ke3 66. Ke1 Kf4 67. Kf2 Ke4 68. Kf1 Ke3 69. Ke1 Kf4 70. Kf2 Kg4 71. Kf1 Kh3 72. Kf2 Kg4 73. Kf1 Kg3 74. Kg1 Kf4 75. Kf2 1/2-1/2